Advanced Motion Control and Sensing for Intelligent Vehicles
Enregistré dans:
| Auteurs principaux: | , |
|---|---|
| Format: | Livre |
| Langue: | anglais |
| Publié: |
New York :
Springer Verlag,
2007
|
| Sujets: | |
| Tags: |
Pas de tags, Soyez le premier à ajouter un tag!
|
MARC
| LEADER | 00000nam a22000003a 4500 | ||
|---|---|---|---|
| 001 | stu181025 | ||
| 005 | 20150617225737.8 | ||
| 008 | 090305s2007----xxu-----------------eng-d | ||
| 020 | |a 0-387-44407-6 | ||
| 040 | |a STU |b slo | ||
| 041 | 0 | |a eng | |
| 044 | |a xxu | ||
| 080 | |a 004.8 | ||
| 100 | 1 | |a Li, L. |4 aut | |
| 245 | 1 | |a Advanced Motion Control and Sensing for Intelligent Vehicles | |
| 260 | |a New York : |b Springer Verlag, |c 2007 | ||
| 300 | |a 448 s | ||
| 650 | 7 | |a umelá inteligencia |2 stusub | |
| 650 | 7 | |a pohyb robota |2 stusub | |
| 650 | 7 | |a inteligentné senzory |2 stusub | |
| 700 | 1 | |a Wang, Fei-Yue |4 aut | |
| 996 | |b 284EK87930 |c E*87930 |l EE23 |s P |a 0 |w stu181025_0001 | ||